000 00501nam a2200181Ia 4500
999 _c1409
_d1409
003 OSt
005 20200923103127.0
008 190216s9999||||xx |||||||||||||| ||und||
040 _coclc
082 _a586
_bSMI/C
100 _aSmith, Gilbert M
_94840
245 0 _aCryptogamic Botany /
_cGilbert M Smith
250 _a2nd Ed.
260 _bTata Mcgrawhill Publishers,
_c1988.
_aNew Delhi:
300 _a399p
650 _aBotany
942 _cBK
_2ddc
_h586
_iSMI/C
_k586
_mSMI/C